Locate the Lake! - Statistics

General Stats
  • This quiz has been taken 91 times
  • The average score is 10 of 16
Answers on the Map
Answers color-coded by a green-red scale on the quiz's map according to % correct below.
 
Answer Stats
Answer % Correct
Lake Superior
89%
Lake Michigan
86%
Caspian Sea
83%
Lake Malawi
80%
Lake Huron
77%
Lake Erie
73%
Lake Victoria
66%
Lake Ontario
64%
Lake Tanganyika
61%
Aral Sea
56%
Lake Winnipeg
56%
Lake Baikal
55%
Great Slave Lake
52%
Lake Balkhash
36%
Lake Turkana
28%
Great Bear Lake
13%
No matching quizzes found
Score Distribution
Percent of People with Each Score
Percentile by Number Answered
Your Score History
You have not taken this quiz